01110nam a22002535i 4500001000700000003000900007005001700016008004100033040002000074100003800094245009500132250001900227260011400246300002200360490003800382490003400420596006300454700004100517830004600558830004200604852006600646999001900712952012500731155862ES-MaACL20251110063231.0040722s1899 fr |||| | fre d aCAM bspa cCAM1 aIbsen, Henrik, d1828-190696503110aSolness le constructeur b: drame en trois actes / cHenrik Ibsen ; traduit par M. Prozor. aNouvelle éd. aParis : bPerrin et C., libraires-éditeurs, c1899 (eChateauroux : fImpr. A. Majesté et L. Bouchardeau) a275 p. ; c18 cm.1 aLibrairie academique Perrin et C.1 aLibrairie Académique Didier aEn la cub. consta el imp.: Paris : Imp. E. Capiomont et C.1 aProzor, Maurice, d1848-192891313900 aLibrairie academique Perrin et C.92216200 aLibrairie Académique Didier9188012 aES-MaACLjF-9520 z-- Enc. hol., conservando la cub. original c155862d155862 001040708LIBXIXaATENEOMbATENEOMcSPP2d2008-01-17eSSCl0oF-9520p1163043r2023-02-23 00:00:00w2023-02-23yMONANT